00467nam a2200157 a 450000100100000000500170001000800410002702000150006804000250008308200130010810000210012124500720014226000330021430000280024750000340027500004237020201002040117.0131127s1995 sp a 001 0 spa d a8408016156 aDO-SdBNPbspacBNPHU axxxbxxx1 aMayrata, Ramón10aAlí Bey el Abasí :bun cristiano en la Meca /cRamón Mayrata. aEspaña, :bPlaneta,c1995. a334 p. :bil. ;c21 cm. aIncluye índice onomástico